00701cam a22002058a 4500003000400000005001700004008004100021020001500062040000800077050002100085245010200106250001200208260004500220300004900265504005100314650002100365700002900386700003600415700004400451OSt20220329080744.0900228s1991 mdua b 001 0 eng c a0683004379 cDLC aRC46b.P894 199000aPrinciples of ambulatory medicine /cedited by L. Randol Barker, John R. Burton, Philip D. Zieve. a3rd ed. aBaltimore :bWilliams & Wilkins,cc1991. axviii, 1487 p. :bill. (some col.) ;c29 cm. aIncludes bibliographical references and index. 2aAmbulatory Care.1 aZieve, Philip D.,d1932-1 aBarker, L. Randolq(Lee Randol)1 aBurton, John R.q(John Russell),d1937-